| 000 | 02204cam a22005054i 4500 | ||
|---|---|---|---|
| 003 | PE-LiUPU | ||
| 005 | 20250731173212.0 | ||
| 008 | 1989----1989 xx a rb 000 0 eng d | ||
| 020 | _a0925675032 | ||
| 035 | _aPE-LiUPU2025071010428 | ||
| 040 |
_aPE-LiUPU _beng _cPE-LiUPU _erda |
||
| 041 | 0 | _aeng | |
| 082 | 0 | 4 |
_a227.87 _bI86 _223 |
| 245 | 0 | 0 |
_aIssues in the book of Hebrews / _ceditado por Frank B. Holbrook. |
| 264 | 1 |
_aSilver Spring, MD : _bBiblical Research Institute, General Conference of Seventh-day Adventists ; _aHagerstown, MD : _bReview and Herald Pub. Association, _c1989. |
|
| 300 |
_a237 páginas ; _c23 cm |
||
| 336 |
_atext _2rdacontent |
||
| 337 |
_aunmediated _2rdamedia |
||
| 338 |
_avolume _2rdacarrier |
||
| 490 | 0 |
_aDaniel and Revelation Committee series ; _v4 |
|
| 504 | _aIncluye referencias bibliográficas e índice. | ||
| 505 | 0 | _aDaniel and Revelation Committee report -- Hebrews: an overview -- The heavenly sanctuary — figurative or real? -- An exegesis of selected passages -- Defilement/Purification and Hebrews 9:23 -- Day of Atonement allusions -- Typology in the Book of Hebrews -- Antithetical or correspondence typology? -- Sanctuary theology -- Appendix A: Ta Hagia in the Epistle to the Hebrews-- Appendix B: Hebrews 6:19 — analysis of some assumptions concerning *katapetasma*. | |
| 526 | _aSEG42 | ||
| 526 | _aSEG41 | ||
| 526 | _aSEG40 | ||
| 526 | _aSEG39 | ||
| 526 | _aP94 | ||
| 526 | _aP87 | ||
| 526 | _aP86 | ||
| 526 | _aP85 | ||
| 526 | _aP77 | ||
| 526 | _aP76 | ||
| 526 | _aP35 | ||
| 630 | 1 | 4 |
_aBiblia. _pHebreos _xCrítica, interpretación, etc. _91318 |
| 700 |
_aHolbrook, Frank B., _eeditor. _95985 |
||
| 700 |
_aJohnsson, William G., _econtributor. _95986 |
||
| 700 |
_aDavidson, Richard M., _econtributor. _95987 |
||
| 700 |
_aTreiyer, Alberto R., _econtributor. _95988 |
||
| 700 |
_aRice, George E., _econtributor. _95989 |
||
| 710 | 2 |
_aGeneral Conference of Seventh-day Adventists. _bBiblical Research Institute. |
|
| 830 | 0 |
_aDaniel and Revelation Committee Series ; _vv. 4 |
|
| 942 |
_2ddc _cBK |
||
| 980 |
_81 _gALBERTO SANCHEZ Responsable de Automatización |
||
| 999 |
_c40133 _d40133 |
||